LEADER 01547nam 2200205zu 450 001 996695357403316 005 20260108110548.0 035 $a(CKB)37908009200041 035 $a(UnM)99830812 035 $a(EXLCZ)9937908009200041 100 $a20250319|1690uuuu || | 101 0 $aeng 135 $aur||||||||||| 200 10$aProtestant's Crums Of Comfort : Containing I. Prayers And Meditations, With Ejaculations For Every Day In The Week, And Other Occasions. Ii. Thanksgivings For Deliverances From Popery, Tyranny, And Arbitrary Power. Iii. The Rebellion In Ireland, And Massacre Of Paris. Iv. The Learned Bishop Usher's Prophecy, Concerning Ireland, And The Downfall Of Rome. V. Advice To The Late Besieged In London-derry, Under That Reverend Divine And Valiant Commander, Coll. George Walker. Illustrated With Pictures Suitable To Each Particular Occasion 210 $cProQuest, UMI$d1690 700 $aWalker$01839717 906 $aBOOK 912 $a996695357403316 996 $aProtestant's Crums Of Comfort : Containing I. Prayers And Meditations, With Ejaculations For Every Day In The Week, And Other Occasions. Ii. Thanksgivings For Deliverances From Popery, Tyranny, And Arbitrary Power. Iii. The Rebellion In Ireland, And Massacre Of Paris. Iv. The Learned Bishop Usher's Prophecy, Concerning Ireland, And The Downfall Of Rome. V. Advice To The Late Besieged In London-derry, Under That Reverend Divine And Valiant Commander, Coll. George Walker. Illustrated With Pictures Suitable To Each Particular Occasion$94505001 997 $aUNISA